Capitals of the Modern-Day Countries of the Holy Roman Empire - Statistics

General Stats
  • This quiz has been taken 72 times
  • The average score is 14 of 16
Answers on the Map
Answers color-coded by a green-red scale on the quiz's map according to % correct below.
 
Answer Stats
Capital % Correct
Berlin
97%
Paris
95%
Rome
95%
Amsterdam
94%
Vienna
94%
Brussels
92%
Luxembourg
92%
Monaco
92%
Warsaw
92%
Bern
90%
Prague
90%
San Marino
90%
Vatican City
89%
Zagreb
84%
Vaduz
81%
Ljubljana
70%
No matching quizzes found
Score Distribution
Percent of People with Each Score
Percentile by Number Answered
Your Score History
You have not taken this quiz